000
00248nam a2200109Ia 4500
008
220204s9999 xx 000 0 und d
082
_a
82-3
_b
NEW
100
_a
Newton, Bez
245
4
_a
The Islander
260
_a
London
_b
Granada
_c
1978
942
_c
BK
999
_c
32269
_d
32269